Central Library OPAC University of Rajshahi

Readings in the theory of international trade / (Record no. 50072)

MARC details
000 -LEADER
fixed length control field 00878nam a2200241 a 4500
001 - CONTROL NUMBER
control field 50072
003 - CONTROL NUMBER IDENTIFIER
rucl marc code BD-RjUL
005 - DATE AND TIME OF LATEST TRANSACTION
control field 20211209075443.0
008 - FIXED-LENGTH DATA ELEMENTS--GENERAL INFORMATION
fixed length control field 160823r19691968enkad 000 0 eng d
035 ## - SYSTEM CONTROL NUMBER
System control number (BD-RjUL)50192
040 ## - CATALOGING SOURCE
Original cataloging agency EUN
Transcribing agency EUN
Language of cataloging eng
Modifying agency BD-RjUL
041 ## - LANGUAGE CODE
Language code of text/sound track or separate title eng
082 ## - DEWEY DECIMAL CLASSIFICATION NUMBER
Edition number 23
Classification number 382.082
Author mark and year AMR 1969
110 2# - MAIN ENTRY--CORPORATE NAME
Corporate name or jurisdiction name as entry element American Economic Association.
9 (RLIN) 150087
245 10 - TITLE STATEMENT
Title Readings in the theory of international trade /
Statement of responsibility, etc. Selected by a committee of The American Economic Association
260 ## - PUBLICATION, DISTRIBUTION, ETC. (IMPRINT)
Place of publication, distribution, etc. London :
Name of publisher, distributor, etc. George Allen and Unwin,
Date of publication, distribution, etc. c1968 [impression 1969]
300 ## - PHYSICAL DESCRIPTION
Pagination xvi, 604, [4] p. :
Illustrations ill. ;
Size 22 cm.
490 1# - SERIES STATEMENT
Series statement The Series of Republished Articles on Economics ;
Volume/sequential designation Volume - 11
650 #0 - SUBJECT ADDED ENTRY--TOPICAL TERM
Topical term or geographic name as entry element Commerce.
9 (RLIN) 150053
Topical term or geographic name as entry element International trade
9 (RLIN) 150054
830 #0 - SERIES ADDED ENTRY--UNIFORM TITLE
Uniform title The Series of Republished Articles on Economics ;
Volume number/sequential designation Volume - 11
942 ## - ADDED ENTRY ELEMENTS (KOHA)
Source of classification or shelving scheme Dewey Decimal Classification
Koha item type Books
Holdings
Lost status Source of classification or shelving scheme Damaged status Not for loan Collection code Permanent Location Current Location Shelving location Date acquired Source of acquisition Cost, normal purchase price Total Checkouts Full call number Date last seen Copy number Koha item type
  Dewey Decimal Classification     Non-fiction Central Library, University of Rajshahi Central Library, University of Rajshahi   28/05/1975 Gonathan & co. 3.75   382.082 AMR 1969 23/08/2016 C-2 Books